000 00379nam a2200133Ia 4500
008 100328s9999 xx 000 0 und d
082 _b58451
100 _aशेवते अरुण.
245 _aस्नेहांकित.
260 _bऔदुंबर.
630 _aस्नेहांकित.
730 _aस्नेहांकित.
942 _cBOOK
999 _c544786
_d544783